000 00275nam a2200121Ia 4500
005 20251222140040.0
008 251222s1900||||xx |||||||||||||| ||spa||
082 _a121/B92
100 _aBunge, Mario
245 0 _aEpistemología:
264 _bCiencias Sociales
942 _cLIB
999 _c3270
_d3270